000 00257 a2200109 4500
001 75349
005 20260115170921.0
090 _a75349
100 _a20260115 pory50
200 _aUma história de xadrez
_fStefan Zweig
210 _cGuerra & Paz
_d2022
942 _cMON